| 000 | 00993ngm a2200229 a 4500 | ||
|---|---|---|---|
| 005 | 20240605063916.0 | ||
| 008 | 030212s1997 mx 120 d daspa d | ||
| 035 | _aUPN01000121929 | ||
| 049 | _aAV | ||
| 050 | 4 | _aPVI B 1214 | |
| 245 | 0 | 0 |
_aMente indomable / _cdir. Gus Van Sant ; protagonista Robin Williams, Matt Dawon, Ben Affleck. |
| 260 |
_aEUA : _bParamount, _c1997. |
||
| 300 |
_a1 videocasete (VHS) (120 min.) : _bson., col. |
||
| 500 | _aSubtitulada en español | ||
| 520 | _aWill Hunting es un joven de 20 años con una mente increíble (creativa, con memoria fotográfica y capaz de resolver intrincados problemas matemáticos) que debido a su genialidad recurre a un terapeuta que le ayudará a encontrar un equilibrio entre su mente y sus emociones | ||
| 534 |
_pTítulo original: _tGood Will Hunting |
||
| 650 | 4 |
_aGenios _910765 |
|
| 650 | 4 |
_aEmociones _939 |
|
| 650 | 4 |
_aTRASTORNOS DE LA PERSONALIDAD _xDESORDENES |
|
| 740 | 0 | _aGood Will Hunting | |
| 905 | _aAudiovisuales | ||
| 999 |
_c94142 _d94142 |
||